000 00518nam a2200181Ia 4500
001 3454
005 20260306145645.0
008 260306t1988||||xx |||||||||||||| ||spa||
041 _aESP
082 _a279
_bLL758 1988 T. 2
100 _aLlorca, Bernardino
_eAUT
245 0 _aHistoria de la iglesia católica:
_ben sus cinco grandes edades: antigua, media, nueva, moderna y contemporánea
260 _c1988
300 _axv, 891 páginas :
_c20 cm.
650 _aGEN
654 _aCHU
942 _cLIB
_dJUS
_fJUS
_2ddc
_n
999 _c3454
_d3454